| 000 | 00518nam a2200169 i 4500 | ||
|---|---|---|---|
| 001 | 150546 | ||
| 003 | ES-MaACL | ||
| 005 | 20230906203551.0 | ||
| 007 | t| | ||
| 008 | 071031s1971 xxu ||||1| spa d | ||
| 100 | 1 |
_aValdespino, Andrés. _9112539 |
|
| 245 | 1 | 0 |
_aJorge Mañach y su generación en las letras cubanas / _cAndrés Valdespino. |
| 260 |
_aMiami (Florida) : _bUniversal, _c[1971] |
||
| 300 |
_a264 p. ; _c22 cm. |
||
| 600 | 1 | 4 |
_aMañach, Jorge ( _d1898-1961) _976248 |
| 852 |
_aES-MaACL _jC-45166 _bR.78838 |
||
| 999 |
_c150546 _d150546 |
||